Design for London will help shape capital's future (Record no. 78363)
[ view plain ]
| 000 -LEADER | |
|---|---|
| fixed length control field | 01255cad a22002055 4500 |
| 001 - CONTROL NUMBER | |
| control field | ##L136597 |
| 008 - FIXED-LENGTH DATA ELEMENTS--GENERAL INFORMATION | |
| fixed length control field | 070212e20070207xxk g 000 0 eng d |
| 035 ## - SYSTEM CONTROL NUMBER | |
| System control number | (Sirsi) u136597 |
| 041 0# - LANGUAGE CODE | |
| Language code of text/sound track or separate title | eng |
| 110 1# - MAIN ENTRY--CORPORATE NAME | |
| Corporate name or jurisdiction name as entry element | London |
| Subordinate unit | Greater London Authority |
| 9 (RLIN) | 3989 |
| 245 00 - TITLE STATEMENT | |
| Title | Design for London will help shape capital's future |
| Medium | [electronic resource] |
| 260 ## - PUBLICATION, DISTRIBUTION, ETC. | |
| Date of publication, distribution, etc. | 2007 |
| 490 #0 - SERIES STATEMENT | |
| Series statement | GLA Press Release |
| Volume/sequential designation | (073) 7 February 2007 |
| 520 ## - SUMMARY, ETC. | |
| Summary, etc. | A new architecture and urban design unit has been set up to support the delivery of high quality, sustainable and accessible design throughout London's built environment. Based at Palestra, Southwark, Design for London will review the design of major development schemes, create a portfolio of major projects with exemplar design, lead the urban design input in preparing Opportunity Area Planning Frameworks in London's Thames Gateway, and influence relevant bodies in design and development sectors to improve the quality of urban design. |
| 610 24 - SUBJECT ADDED ENTRY--CORPORATE NAME | |
| Corporate name or jurisdiction name as entry element | London |
| Subordinate unit | Design for London |
| 651 #4 - SUBJECT ADDED ENTRY--GEOGRAPHIC NAME | |
| Geographic name | LONDON |
| 690 ## - LOCAL SUBJECT ADDED ENTRY--TOPICAL TERM (OCLC, RLIN) | |
| Topical term or geographic name as entry element | BUILT ENVIRONMENT-CONSTRUCTION DESIGN-ARCHITECTURAL DESIGN |
| 856 40 - ELECTRONIC LOCATION AND ACCESS | |
| Uniform Resource Identifier | <a href="https://www.london.gov.uk/view_press_release.jsp?releaseid=10770">https://www.london.gov.uk/view_press_release.jsp?releaseid=10770</a> |
| Public note | View the item free of charge at www.london.gov.uk... |
| 942 ## - ADDED ENTRY ELEMENTS (KOHA) | |
| Suppress in OPAC | 0 |
| Withdrawn status | Lost status | Source of classification or shelving scheme | Damaged status | Not for loan | Home library | Current library | Shelving location | Date acquired | Total Checkouts | Full call number | Barcode | Date last seen | Copy number | Price effective from | Koha item type |
|---|---|---|---|---|---|---|---|---|---|---|---|---|---|---|---|
| Dewey Decimal Classification | Virtual | Virtual | Online | 12/02/2007 | ONLINE PUBLICATION | 136597-2001 | 06/08/2019 | 1 | 06/08/2019 | Journal article |